000 00949cab a22002295a 4500
001 L145030
008 080902e20080808xxk f v 000 0 eng d
035 _a(Sirsi) u145030
041 0 _aeng
100 1 _aDriscoll, James
245 0 0 _aWhatever happened to commonhold?
260 _c2008
490 0 _aNew Law Journal
_v158(7333) 8 August 2008, 1137-1138(2) (Property Law Supplement)
520 _aDescribes the commonhold form of land tenure. Considers why it has been slow to catch on the UK property markets. Comments on some of the common misconceptions about this form of property which have contributed to its poor reputation, explaining why many of these are false assumptions.
590 _aKA
650 2 4 _aHOUSING AND REGENERATION ACT 2008
650 2 4 _aCOMMONHOLD AND LEASEHOLD REFORM ACT 2002
650 2 4 _aCOMMONHOLD REGULATIONS 2004
651 4 _aUnited Kingdom
_y
690 _aPROPERTY-COMMONHOLD PROPERTY
942 _n0
999 _c80680
_d80680